00562nam a2200169 a 450000100060000000300090000600800410001502000150005604000280007108200160009910000280011524500420014326000490018530000110023450501250024565000220037015242CO-ViMGA141112s2004 ck r 000 u spa d a9586351262 aCO-ViMGAbspacCO-ViMGA04a347.7 L315d1 aLeal Perez, Hildebrando10aDerecho Comercial Aplicado : bTomo I aBogotá, cLibreria del Profesional, c1990 a590.p. aEstructura de los procesos mercantiles Actuación judicial en materia comercial Formas de contrato y polizas de seguros14aDERECHO COMERCIAL